000 00309nam a22001337a 4500
008 181203b xxu||||| |||| 00| 0 eng d
020 _a9781582931159
041 _aeng
080 _224th
_a336
100 _a56
101 _aFIN
245 _aFinancial Planning Applications
_cLemoine,C.W
942 _2udc
_cBK
999 _c52735
_d52735